| 000 | 00540 a2200169 4500 | ||
|---|---|---|---|
| 999 |
_c339 _d339 |
||
| 020 | _a9780340733509 | ||
| 050 | _aBL624.TOL 1999 | ||
| 100 |
_aTolle, Eckhart, _d1948- |
||
| 245 |
_aThe power of now : _ba guide to spiritual enlightenment., _cEckhart Tolle |
||
| 264 |
_aLondon: _bHodder and Stoughton., _c1999. |
||
| 300 | _a229 pages ; 20 cm | ||
| 500 | _ait has no index | ||
| 650 | _aSpiritual formation. | ||
| 650 | _aSelf-actualization (Psychology) | ||
| 650 | _aSpiritual healing and spiritualism. | ||
| 942 |
_2lcc _cBK _h624 _iTOL _kBL |
||